000 00536nam a2200205 a 4500
001 34314
005 20180714002424.0
008 140415s1970 sp 000 0 spa d
041 _aspa
082 _a800
_bBIB
100 1 _aDONOSO, JOSE
245 1 0 _aCORONACION
250 _a1a ed.
260 _aESPAÑA :
_bSALVAT,
_c1970
300 _a183
490 _aBIBLIOTECA BASICA SALVAT
_v65
500 _a(BIBLIOTECA BASICA SALVAT; 65)
650 1 4 _aLITERATURA CHILENA
_xNOVELA
700 1 _aGIMFERRER, PERE
_epról.
999 _c34314
_d34314